000 00739nam a2200217 i 4500
001 182347
003 ES-MaACL
005 20230906221604.0
008 130805s1989 sp | |||| ||spa d
080 _a929 Reyes, Alfonso
100 1 _aCuriel, Fernando.
_942216
245 1 0 _aCartas madrileñas
_b: homenaje a Alfonso Reyes /
_cFernando Curiel.
260 _aMadrid :
_bAsociación Cultural de Amistad Hispano-Mexicana,
_c1989.
300 _a48 p. :
_b1 retr. ;
_c21 cm.
490 1 _aLas dos orillas ;
_v2
600 1 4 _aReyes, Alfonso,
_d1889-1959
_996554
710 2 _aAsociación Cultural de Amistad Hispano-Mexicana.
_91529
830 0 _aLas dos orillas ;
_v2
_9190533
852 _aES-MaACL
_j2319-F-7
999 _c182347
_d182347